000 00303nam a22001457a 4500
008 221024b ||||| |||| 00| 0 eng d
020 _a9780692747940
041 _aeng
080 _a7
082 _a7
100 _a21.1
101 _aART
245 _aKNIGHTS IF ART
_cSTEEDMAN A
942 _2udc
_cBK
999 _c58647
_d58647